Spoločnosť HUTIRA oficiálne rozbehla výrobu českých regulátorov tlaku plynu pre rodinné domy
Českej republike sa oficiálne rozbehla výroba dvojstupňových regulátorov tlaku plynu pre rodinné domy. Zaslúžila sa o to spoločnosť HUTIRA, ktorá v Česku regulátory s označením B NG distribuovala, po získaní potrebnej certifikácie sa však stáva ich kľúčovým výrobcom pre celý európsky trh.
Salvato in:
| Autore principale: | |
|---|---|
| Natura: | Capitolo di libro |
| Lingua: | slovacco |
| Soggetti: | |
| Tags: |
Nessun Tag, puoi essere il primo ad aggiungerne!!
|
MARC
| LEADER | 00000naa a2200000 4500 | ||
|---|---|---|---|
| 001 | 0303399 | ||
| 005 | 20260127125803.5 | ||
| 041 | 0 | |a slo | |
| 044 | |a SK | ||
| 245 | 1 | 0 | |a Spoločnosť HUTIRA oficiálne rozbehla výrobu českých regulátorov tlaku plynu pre rodinné domy |c Peter Jurkovič |
| 520 | |a Českej republike sa oficiálne rozbehla výroba dvojstupňových regulátorov tlaku plynu pre rodinné domy. Zaslúžila sa o to spoločnosť HUTIRA, ktorá v Česku regulátory s označením B NG distribuovala, po získaní potrebnej certifikácie sa však stáva ich kľúčovým výrobcom pre celý európsky trh. | ||
| 610 | 2 | 0 | |a plynovody |
| 610 | 2 | 0 | |a plyn zemný |
| 610 | 2 | 0 | |a regulácia |
| 610 | 2 | 0 | |a distribúcia |
| 610 | 2 | 0 | |a Česko |
| 610 | 2 | 0 | |a výroba |
| 100 | 1 | |a Jurkovič, Peter | |